000 00303nam a2200121Ia 4500
008 240731s9999 xx 000 0 und d
022 _a2329-8782
245 0 _aHospitality & Tourism Educator
260 _bRoutledge
856 _uhttps://www.tandfonline.com/loi/uhat19
942 _2ddc
942 _cTFEJ
999 _c76867
_d76867
945 _a1
_bMadushi Gamage
_c1
_dMadushi Gamage